000
00291nam a22001337a 4500
008
170831b xxu||||| |||| 00| 0 eng d
020
_a
9780312612344
041
_a
eng
080
_2
9TH
_a
070
100
_a
40
101
_a
MED
245
_a
WRITING THAT WORKS
_c
OLIU,W.E
942
_2
udc
_c
BK
999
_c
25776
_d
25776